[Event "Mondiale Lampo FIDE 2022"]
[Site "Alma Ata"]
[Date "30.12.2022"]
[Round "17.75"]
[White "Ganguly, Surya Shekhar"]
[Black "Haldorsen, Benjamin"]
[Result "1-0"]
[WhiteTitle ""]
[BlackTitle ""]
[WhiteElo "2582"]
[BlackElo "2449"]
[WhiteFideId "5002150"]
[BlackFideId "1512633"]
[EventDate "29.12.2022"]

1. e4 c5 2. c3 g6 3. d4 cxd4 4. cxd4 d5 5. e5 Nc6 6. Nc3 Bg7 7. Be2 f6 8. exf6
Nxf6 9. Nf3 O-O 10. O-O Bg4 11. h3 Bxf3 12. Bxf3 e6 13. Re1 Qd7 14. Bg5 Rae8 15.
Qd2 Kh8 16. Rad1 Ng8 17. Qe3 h6 18. Bf4 g5 19. Bg3 Nge7 20. Bh5 Rd8 21. Qxe6
Qxe6 22. Rxe6 Nf5 23. Be5 Ncxd4 24. Bxg7+ Kxg7 25. Re5 Nc6 26. Rexd5 Nfd4 27.
Rxd8 Rxd8 28. Re1 Nc2 29. Re6 N2d4 30. Rg6+ Kh7 31. Ne4 Nf5 32. Rf6 Ncd4 33.
Bg6+ Kg7 34. Bxf5 Re8 35. Rg6+ 1-0

[Event "Mondiale Lampo FIDE 2022"]
[Site "Alma Ata"]
[Date "30.12.2022"]
[Round "17.76"]
[White "Burmakin, Vladimir"]
[Black "Suleymenov, Alisher"]
[Result "1-0"]
[WhiteTitle ""]
[BlackTitle ""]
[WhiteElo "2498"]
[BlackElo "2476"]
[WhiteFideId "4105109"]
[BlackFideId "13707833"]
[EventDate "29.12.2022"]

1. Nf3 Nf6 2. c4 g6 3. b3 Bg7 4. Bb2 O-O 5. g3 d6 6. d4 c5 7. Bg2 Bd7 8. O-O
cxd4 9. Nxd4 Nc6 10. Nc3 a6 11. Nc2 Rb8 12. Nd5 Nxd5 13. Bxg7 Ne3 14. Nxe3 Kxg7
15. Rc1 Qa5 16. Qc2 Rfc8 17. Rfd1 Be6 18. Qb2+ Qe5 19. Qxe5+ Nxe5 20. Nd5 Kf8
21. Nb6 Rc7 22. f4 Nd7 23. Nd5 Bxd5 24. Bxd5 Rbc8 25. Ra1 e6 26. Bf3 Ke7 27. Rd2
Nf6 28. Rad1 Ne8 29. e4 b5 30. Be2 b4 31. a3 Rb7 32. Ra1 bxa3 33. Rxa3 Rc6 34.
Bd1 Rb4 35. Rda2 Nc7 36. Kf2 f5 37. exf5 gxf5 38. h3 e5 39. g4 fxg4 40. hxg4
exf4 41. Kf3 d5 42. cxd5 Rd6 43. Bc2 h6 44. Bd3 Rxd5 45. Bc4 Rd4 46. Re2+ Kd6
47. Ra5 Rb8 48. Rh2 Rh8 49. Rf5 Kc6 50. Rf6+ Kc5 51. Rhxh6 Re8 52. Rxf4 Rd1 53.
Rh5+ Kb6 54. g5 Nb5 55. g6 Nd4+ 56. Rxd4 Rxd4 57. g7 Rdd8 58. Rg5 Rg8 59. Bxg8
Rxg8 60. Kg4 1-0

[Event "Mondiale Lampo FIDE 2022"]
[Site "Alma Ata"]
[Date "30.12.2022"]
[Round "17.77"]
[White "Petkov, Momchil"]
[Black "Puranik, Abhimanyu"]
[Result "0-1"]
[WhiteTitle ""]
[BlackTitle ""]
[WhiteElo "2531"]
[BlackElo "2616"]
[WhiteFideId "2921642"]
[BlackFideId "5061245"]
[EventDate "29.12.2022"]

1. d4 Nf6 2. c4 g6 3. Nc3 d5 4. Nf3 Bg7 5. e3 O-O 6. cxd5 Nxd5 7. Bc4 Nb6 8. Bb3
c5 9. O-O cxd4 10. exd4 Bg4 11. d5 a5 12. a3 N8d7 13. h3 Bxf3 14. Qxf3 Nc8 15.
Re1 Nd6 16. Bf4 Rc8 17. Re2 Nf5 18. Rd2 Nc5 19. Ba2 Qd7 20. Rad1 b5 21. Ne4 Nxe4
22. Qxe4 Nd6 23. Qe2 a4 24. Re1 Rc7 25. Qd3 Bf6 26. Rde2 Rfc8 27. Be5 Rc1 28.
Bxf6 exf6 29. Qd4 Kg7 30. Qf4 Rxe1+ 31. Rxe1 Rc2 32. Qd4 Nf5 33. Qb4 Qa7 34. Qf4
Rxb2 35. Bb1 Nd4 36. Bd3 b4 37. axb4 a3 38. Bc4 a2 39. Bxa2 Rxa2 40. Qe3 Ra3 41.
Qe7 Qxe7 42. Rxe7 Nf5 43. Rb7 Rd3 44. Rb5 Rd4 45. Kf1 Nd6 46. Rb6 Rxd5 47. Ke2
Kf8 48. Rb8+ Ke7 49. Rb6 h5 0-1

[Event "Mondiale Lampo FIDE 2022"]
[Site "Alma Ata"]
[Date "30.12.2022"]
[Round "17.78"]
[White "Narayanan, Srinath"]
[Black "Mamedov, Edgar"]
[Result "1-0"]
[WhiteTitle ""]
[BlackTitle ""]
[WhiteElo "2559"]
[BlackElo "2283"]
[WhiteFideId "5018420"]
[BlackFideId "13739980"]
[EventDate "29.12.2022"]

1. d4 d5 2. Bf4 Nf6 3. e3 e6 4. Nf3 Bd6 5. Ne5 O-O 6. Nd2 b6 7. Bd3 c5 8. dxc5
bxc5 9. c4 Bb7 10. O-O Nc6 11. Nxc6 Bxc6 12. Bxd6 Qxd6 13. Nf3 Rab8 14. b3 a5
15. Rc1 Ra8 16. cxd5 Qxd5 17. Qc2 a4 18. Rfd1 axb3 19. axb3 Qh5 20. Be2 Bd5 21.
Ne1 Qg6 22. Bd3 Qg4 23. f3 Qb4 24. Bc4 Bxc4 25. Qxc4 Nd5 26. Nd3 Qxc4 27. bxc4
Nxe3 28. Re1 Nf5 29. Nxc5 Rfc8 30. Ne4 Ra2 31. c5 Nh4 32. Nf2 Ra5 33. Red1 f6
34. c6 Nf5 35. c7 Ne7 36. Rd7 Kf8 37. Rd8+ Kf7 38. Ne4 Kg6 39. Nd6 Raa8 40. Nxc8
Nxc8 41. Rb1 Kf7 42. h4 Ke7 43. Kh2 e5 44. Rb8 1-0

[Event "Mondiale Lampo FIDE 2022"]
[Site "Alma Ata"]
[Date "30.12.2022"]
[Round "17.79"]
[White "Uruci, Endrit"]
[Black "Sankalp, Gupta"]
[Result "0-1"]
[WhiteTitle ""]
[BlackTitle ""]
[WhiteElo "2297"]
[BlackElo "2485"]
[WhiteFideId "22100199"]
[BlackFideId "5097010"]
[EventDate "29.12.2022"]

1. e4 e6 2. c4 d5 3. cxd5 exd5 4. exd5 Nf6 5. Bb5+ Nbd7 6. Nc3 a6 7. Bc4 Nb6 8.
d3 Nbxd5 9. Nf3 Be7 10. O-O O-O 11. h3 b5 12. Bb3 Bb7 13. Re1 h6 14. Ne5 Bc5 15.
d4 Bb6 16. a4 b4 17. Nxd5 Nxd5 18. a5 Ba7 19. Bc2 Nf6 20. Be3 Qd5 21. Nf3 Rfe8
22. Bb3 Qd6 23. Rc1 Re7 24. Ne5 Rd8 25. Nf3 Rde8 26. Qd2 Nd5 27. Ne5 Nxe3 28.
Rxe3 Rxe5 29. Rxe5 Rxe5 30. Bxf7+ Kf8 31. Ba2 Qxd4 32. Qc2 Qe4 33. Qxe4 Rxe4 34.
Rxc7 0-1

[Event "Mondiale Lampo FIDE 2022"]
[Site "Alma Ata"]
[Date "30.12.2022"]
[Round "17.80"]
[White "Postlmayer, Jakob"]
[Black "Kostenko, Petr"]
[Result "0-1"]
[WhiteTitle ""]
[BlackTitle ""]
[WhiteElo "2314"]
[BlackElo "2374"]
[WhiteFideId "1643622"]
[BlackFideId "13700669"]
[EventDate "29.12.2022"]

1. e4 c6 2. Nc3 d5 3. Nf3 dxe4 4. Nxe4 Nf6 5. Qe2 Nxe4 6. Qxe4 Qd5 7. Qf4 Qf5 8.
Qe3 Qe6 9. b3 Na6 10. Bxa6 bxa6 11. Bb2 Qxe3+ 12. fxe3 f6 13. O-O-O e6 14. d4
Be7 15. e4 O-O 16. Rhe1 Rd8 17. Bc3 Kf7 18. h3 Bb7 19. Ba5 Rd7 20. c4 Re8 21.
Kc2 g5 22. Rf1 Kg6 23. h4 g4 24. Nh2 h5 25. g3 Bd6 26. Rd3 f5 27. e5 Bf8 28. Rf2
c5 29. Kc3 Be4 30. Rd1 Rc8 31. Rfd2 Bh6 32. Re2 Bg7 33. Kb2 cxd4 34. Bd2 Bxe5
35. Bf4 Bg7 36. Red2 d3+ 37. Ka3 Bc3 38. Rf2 Rc5 39. b4 Rxc4 40. Kb3 Rc8 41. Rc1
Bd5+ 42. Ka4 Rb7 43. a3 a5 44. Kxa5 Rc6 45. Rxc3 Rxc3 46. a4 Rc2 47. Bd2 Rbc7
48. Nf1 Ra2 49. b5 Bb3 50. b6 Rxa4+ 51. Kb5 axb6 52. Ne3 Rd7 53. Bc3 Re4 54. Nf1
Re2 55. Rf4 0-1

[Event "Mondiale Lampo FIDE 2022"]
[Site "Alma Ata"]
[Date "30.12.2022"]
[Round "17.81"]
[White "Mamatov, Melis"]
[Black "Abdilkhair, Abilmansur"]
[Result "1-0"]
[WhiteTitle ""]
[BlackTitle ""]
[WhiteElo "2399"]
[BlackElo "2278"]
[WhiteFideId "13800027"]
[BlackFideId "13716417"]
[EventDate "29.12.2022"]

1. e4 c6 2. d4 d5 3. e5 c5 4. dxc5 Nc6 5. Nf3 Bg4 6. h3 Bxf3 7. Qxf3 e6 8. Bf4
g5 9. Be3 a6 10. Nd2 h6 11. c3 Bg7 12. Be2 Nge7 13. O-O Ng6 14. Bd3 Ngxe5 15.
Qe2 Nxd3 16. Qxd3 O-O 17. Rad1 Qa5 18. Qc2 Rad8 19. Nb3 Qa4 20. Rfe1 Rfe8 21.
Nd4 Qxc2 22. Nxc2 f5 23. f3 Kf7 24. Bf2 Rd7 25. Nd4 Nxd4 26. cxd4 a5 27. a3 a4
28. b4 axb3 29. Rb1 Ra8 30. Rxb3 Ra4 31. Rd1 Bf6 32. Rdd3 Bd8 33. Rb4 Ra7 34.
Rdb3 Ba5 35. Rb5 Bd2 36. Kf1 Bc1 37. Rb1 Bf4 38. R5b3 h5 39. Ke2 h4 40. Kd3 Ke7
41. Be3 Bxe3 42. Kxe3 Kf6 43. Rc1 Ra4 44. Kd3 e5 45. dxe5+ Kxe5 46. Re1+ Kf4 47.
Rb4+ Rxb4 48. axb4 Kg3 49. Re2 d4 50. b5 Rd5 51. Kc4 d3 52. Rd2 Rd8 53. Rxd3
Rxd3 54. Kxd3 Kxg2 55. c6 bxc6 56. bxc6 g4 57. fxg4 fxg4 58. hxg4 h3 59. c7 h2
60. c8=Q 1-0

[Event "Mondiale Lampo FIDE 2022"]
[Site "Alma Ata"]
[Date "30.12.2022"]
[Round "17.82"]
[White "Degenbaev, Aziz"]
[Black "Shishkov, Andrei"]
[Result "1-0"]
[BlackTitle ""]
[WhiteElo "2139"]
[BlackElo "2340"]
[WhiteFideId "13802640"]
[BlackFideId "4500563"]
[EventDate "29.12.2022"]

1. g3 d5 2. Bg2 Nf6 3. f4 g6 4. Nf3 Bg7 5. O-O O-O 6. d3 b6 7. e4 dxe4 8. dxe4
Nxe4 9. Ng5 Bd4+ 10. Kh1 Nf2+ 11. Rxf2 Bxf2 12. Qxd8 Rxd8 13. Bxa8 Bf5 14. Kg2
Bc5 15. Bf3 h6 16. Ne4 Bxe4 17. Bxe4 Rd1 18. Nd2 Nd7 19. Nb3 Nf6 20. Bd3 Rg1+
21. Kf3 g5 22. fxg5 hxg5 23. Bxg5 Rxa1 24. Nxa1 Nd5 25. Nb3 Bd6 26. a3 f6 27.
Bd2 Kg7 28. c4 1-0

[Event "Mondiale Lampo FIDE 2022"]
[Site "Alma Ata"]
[Date "30.12.2022"]
[Round "17.83"]
[White "Everett, Elijah"]
[Black "Bologan, Victor"]
[Result "0-1"]
[BlackTitle ""]
[WhiteElo "2202"]
[BlackElo "2574"]
[WhiteFideId "12973696"]
[BlackFideId "13900048"]
[EventDate "29.12.2022"]

1. e4 g6 2. d4 Bg7 3. Nc3 c6 4. Bc4 d6 5. Qf3 e6 6. Nge2 Nd7 7. h4 Ngf6 8. Bg5
h6 9. Be3 b5 10. Bb3 a5 11. a3 Bb7 12. Ng3 b4 13. Na4 Qc7 14. O-O O-O 15. axb4
axb4 16. c3 bxc3 17. bxc3 c5 18. Rfb1 Ra5 19. dxc5 dxc5 20. c4 Rfa8 21. Bc2 Bc6
22. Qd1 Qa7 23. Bd2 Ra6 0-1

[Event "Mondiale Lampo FIDE 2022"]
[Site "Alma Ata"]
[Date "30.12.2022"]
[Round "17.84"]
[White "Amangeldy, Ernur"]
[Black "Korelskiy, Egor"]
[Result "0-1"]
[BlackTitle ""]
[WhiteElo "2097"]
[BlackElo "2153"]
[WhiteFideId "13720244"]
[BlackFideId "34329064"]
[EventDate "29.12.2022"]

1. d4 d5 2. c4 e6 3. Nf3 c6 4. e3 f5 5. Qc2 Nf6 6. Bd3 Ne4 7. Nbd2 Bd6 8. Ne5
O-O 9. O-O Nd7 10. f4 Qe7 11. Ndf3 Bxe5 12. Nxe5 Nxe5 13. fxe5 b6 14. Bxe4 dxe4
15. Bd2 Bb7 16. c5 bxc5 17. Qxc5 Qxc5 18. dxc5 Ba6 19. Rfc1 g5 20. g3 Kg7 21.
Kf2 Rad8 22. Rd1 Bd3 23. Bc3 f4 24. gxf4 gxf4 25. Rg1+ Kh8 26. exf4 Rxf4+ 27.
Ke1 Rdf8 28. Rd1 Rf1+ 29. Rxf1 Rxf1+ 30. Kd2 e3+ 31. Kxd3 Rxd1+ 32. Kxe3 Rh1 33.
b4 Rxh2 34. a4 Ra2 35. b5 Rxa4 36. b6 axb6 37. cxb6 Ra3 38. Kd4 Rb3 39. Ba5 Rb5
40. Kc4 h5 41. b7 Rxb7 42. Be1 Rb5 43. Bg3 Kg7 0-1

[Event "Mondiale Lampo FIDE 2022"]
[Site "Alma Ata"]
[Date "30.12.2022"]
[Round "17.86"]
[White "Tologon tegin, Semetei"]
[Black "Nissinen, Niilo Man"]
[Result "1-0"]
[WhiteTitle ""]
[BlackTitle ""]
[WhiteElo "2394"]
[BlackElo "1996"]
[WhiteFideId "13800574"]
[BlackFideId "30950767"]
[EventDate "29.12.2022"]

1. Nf3 Nf6 2. g3 g6 3. b3 Bg7 4. Bb2 O-O 5. Bg2 d5 6. c4 c6 7. O-O Re8 8. d4
Nbd7 9. Nbd2 Nf8 10. e3 b6 11. Ne5 Bb7 12. Qe2 a5 13. Rfc1 N8d7 14. f4 Nxe5 15.
dxe5 Nd7 16. cxd5 cxd5 17. Bd4 Ba6 18. Qf3 e6 19. a3 Rc8 20. e4 dxe4 21. Nxe4
Bb7 22. Qe3 Bxe4 23. Bxe4 Bf8 24. Bc6 Bc5 25. Bxc5 Rxc6 26. Bd6 Qa8 27. Rxc6
Qxc6 28. Rc1 Qd5 29. h4 Nb8 30. Qxb6 Qf3 31. Kh2 Qe2+ 32. Kh3 Qe4 33. b4 axb4
34. axb4 Nd7 35. Qc6 Qf5+ 36. Kh2 Ra8 37. Qxa8+ 1-0

[Event "Mondiale Lampo FIDE 2022"]
[Site "Alma Ata"]
[Date "30.12.2022"]
[Round "17.87"]
[White "Akhilbay, Imangali"]
[Black "Khusenkhojaev, Mustafokhuja"]
[Result "1-0"]
[WhiteElo "2140"]
[BlackElo "2265"]
[WhiteFideId "13734857"]
[BlackFideId "14700727"]
[EventDate "29.12.2022"]

1. d4 Nf6 2. Bf4 d5 3. Nc3 g6 4. e3 Bg7 5. h4 h5 6. Nf3 O-O 7. Ne5 c5 8. Qd2
cxd4 9. exd4 Nc6 10. f3 Bf5 11. Bb5 Rc8 12. Nxc6 bxc6 13. Ba6 Rb8 14. Bxb8 Qxb8
15. O-O-O Qb6 16. Be2 Rb8 17. Na4 Qc7 18. g4 hxg4 19. h5 gxh5 20. Rdg1 Bg6 21.
Nc5 e5 22. fxg4 hxg4 23. Bxg4 exd4 24. Qf2 d3 25. cxd3 Nxg4 26. Rxg4 Rxb2 27.
Qh4 Rxa2 28. Rxg6 fxg6 29. Ne6 1-0

[Event "Mondiale Lampo FIDE 2022"]
[Site "Alma Ata"]
[Date "30.12.2022"]
[Round "18.1"]
[White "Carlsen, Magnus"]
[Black "Madaminov, Mukhiddin"]
[Result "1-0"]
[WhiteTitle ""]
[BlackTitle ""]
[WhiteElo "2859"]
[BlackElo "2438"]
[WhiteFideId "1503014"]
[BlackFideId "14210703"]
[EventDate "29.12.2022"]

1. d4 Nf6 2. c4 g6 3. g3 Bg7 4. Bg2 d5 5. cxd5 Nxd5 6. Nf3 O-O 7. O-O Nb6 8. Nc3
Nc6 9. Bf4 Nxd4 10. Nxd4 e5 11. Bxe5 Bxe5 12. e3 c6 13. Qc2 Qe7 14. Rad1 Bg4 15.
Rd3 Rad8 16. h3 Bxd4 17. Rxd4 Rxd4 18. exd4 Bf5 19. Qc1 Rd8 20. Rd1 Qb4 21. a3
Qb3 22. g4 Bc8 23. Ne4 Nd5 24. Re1 Qb6 25. Nc5 Qc7 26. Qg5 Kg7 27. Nd3 Be6 28.
Nc5 Bc8 29. Nd3 Be6 30. Qd2 b6 31. Rc1 Qd6 32. Ne5 Ne7 33. Nxc6 Nxc6 34. Rxc6
Qxd4 35. Qxd4+ Rxd4 36. Rc7 Rd1+ 37. Kh2 Rd7 38. Rxd7 Bxd7 39. g5 h6 40. h4 hxg5
41. hxg5 Kf8 42. Kg3 Ke7 43. Kf4 Kd6 44. Ke3 Kc5 45. Kd3 a5 46. Kc3 a4 47. Bf1
Be6 48. Be2 Bb3 49. Bg4 Bd5 50. Bd7 b5 51. Be8 Bb3 52. Kd3 Bc4+ 53. Ke4 Kd6 54.
Kd4 Ke7 55. Bc6 Kd6 56. Be4 Ke6 57. Kc5 Ke5 58. Bc6 Kf4 59. Bxb5 Bb3 60. Kb4
Kxg5 61. Bxa4 Bd5 62. Bb3 Bxb3 63. Kxb3 Kf4 64. a4 Ke5 65. a5 Kd6 66. Kc4 f5 67.
f4 1-0

[Event "Mondiale Lampo FIDE 2022"]
[Site "Alma Ata"]
[Date "30.12.2022"]
[Round "18.4"]
[White "Duda, Jan-Krzysztof"]
[Black "Nepomniachtchi, Ian"]
[Result "1-0"]
[WhiteTitle ""]
[BlackTitle ""]
[WhiteElo "2729"]
[BlackElo "2793"]
[WhiteFideId "1170546"]
[BlackFideId "4168119"]
[EventDate "29.12.2022"]

1. d4 Nf6 2. Nf3 d5 3. Bf4 e6 4. e3 Bd6 5. Bxd6 cxd6 6. c4 Bd7 7. Nc3 Bc6 8. Rc1
O-O 9. cxd5 Nxd5 10. Bd3 Nxc3 11. Rxc3 Nd7 12. O-O Nf6 13. Qe2 Qa5 14. e4 h6 15.
Rfc1 Rfd8 16. a3 a6 17. h3 Rac8 18. Nd2 Qb6 19. Qe3 e5 20. d5 Qxe3 21. fxe3 Bd7
22. Rxc8 Bxc8 23. Nc4 Ne8 24. Nb6 Kf8 25. Rxc8 1-0

[Event "Mondiale Lampo FIDE 2022"]
[Site "Alma Ata"]
[Date "30.12.2022"]
[Round "18.5"]
[White "Nihal, Sarin"]
[Black "Giri, Anish"]
[Result "1/2-1/2"]
[WhiteTitle ""]
[BlackTitle ""]
[WhiteElo "2670"]
[BlackElo "2764"]
[WhiteFideId "25092340"]
[BlackFideId "24116068"]
[EventDate "29.12.2022"]

1. Nf3 Nf6 2. d4 g6 3. Nbd2 Bg7 4. e4 d6 5. Bb5+ c6 6. Bd3 O-O 7. O-O c5 8. dxc5
dxc5 9. Qe2 Nc6 10. c3 Qc7 11. Re1 b6 12. Nf1 Ng4 13. h3 Nge5 14. Nxe5 Nxe5 15.
Bc2 Bb7 16. Ng3 a5 17. f4 Ba6 18. Qe3 Bh6 19. Qf2 Nd3 20. Bxd3 Bxd3 21. f5 Bxc1
22. Raxc1 Qe5 23. Qe3 Rad8 24. Nh1 gxf5 1/2-1/2

[Event "Mondiale Lampo FIDE 2022"]
[Site "Alma Ata"]
[Date "30.12.2022"]
[Round "18.7"]
[White "Fedoseev, Vladimir3"]
[Black "Rapport, Richard"]
[Result "1/2-1/2"]
[WhiteTitle ""]
[BlackTitle ""]
[WhiteElo "2688"]
[BlackElo "2740"]
[WhiteFideId "24130737"]
[BlackFideId "738590"]
[EventDate "29.12.2022"]

1. Nf3 c5 2. g3 g6 3. Bg2 Bg7 4. O-O Nf6 5. c4 Nc6 6. d4 O-O 7. dxc5 Qa5 8. Be3
Ng4 9. Bd2 Qxc5 10. Qc1 Qh5 11. h3 Nge5 12. Nxe5 Qxe5 13. Bc3 Nd4 14. Bxd4 Qxd4
15. Nc3 Qxc4 16. Nd5 Qxe2 17. Re1 Qxb2 18. Nxe7+ Kh8 19. Rb1 Qxa2 20. Qc5 d6 21.
Qxd6 Be6 22. Rxb7 Rad8 23. Qf4 a5 24. Nc6 Qd2 25. Qxd2 Rxd2 26. Nxa5 Bd4 27. Rf1
Rc2 28. Be4 Re2 29. Bf3 Ra2 30. Nc6 Bc5 31. Rb5 Rc2 32. Be4 Rc3 33. Kh2 Re8 34.
Bg2 Bf5 35. Nb4 Bd4 36. g4 Be6 37. Bd5 Kg7 38. Bxe6 Rxe6 39. Rd5 Rc4 40. Nd3 Bf6
41. Kg2 1/2-1/2

[Event "Mondiale Lampo FIDE 2022"]
[Site "Alma Ata"]
[Date "30.12.2022"]
[Round "18.9"]
[White "Lazavik, Denis"]
[Black "Grischuk, Alexander"]
[Result "1/2-1/2"]
[WhiteTitle ""]
[BlackTitle ""]
[WhiteElo "2537"]
[BlackElo "2745"]
[WhiteFideId "13515110"]
[BlackFideId "4126025"]
[EventDate "29.12.2022"]

1. d4 g6 2. c4 Bg7 3. Nf3 Nf6 4. g3 b6 5. Bg2 Bb7 6. O-O O-O 7. d5 Na6 8. Nc3
Nc5 9. Nd4 e5 10. Nb3 d6 11. e4 Bc8 12. h3 a5 13. Be3 Nfd7 14. Nxc5 Nxc5 15. Qd2
Bd7 16. b3 Qe7 17. Rae1 f5 18. exf5 gxf5 19. f4 e4 20. Ne2 Qf7 21. Bd4 Rae8 22.
Qe3 Re7 23. Kh2 Qg6 24. Rg1 h5 25. Bf1 Bf6 26. Bxf6 Qxf6 27. Nd4 Rg7 28. Be2 Qh6
29. h4 Qg6 30. Kg2 Kh7 31. Kf2 Rfg8 32. Ref1 Qh6 33. Ke1 Qg6 34. Kd2 Qh6 35. Rg2
Qg6 36. Nc2 Rf8 37. Nd4 Rfg8 38. Nc2 Rf8 39. Nd4 1/2-1/2

[Event "Mondiale Lampo FIDE 2022"]
[Site "Alma Ata"]
[Date "30.12.2022"]
[Round "18.10"]
[White "Shimanov, Aleksandr"]
[Black "Salem, A.R. Saleh"]
[Result "1-0"]
[WhiteTitle ""]
[BlackTitle ""]
[WhiteElo "2581"]
[BlackElo "2677"]
[WhiteFideId "4198603"]
[BlackFideId "9301348"]
[EventDate "29.12.2022"]

1. e4 e5 2. Nf3 Nc6 3. Nc3 Nf6 4. h3 Bb4 5. Nd5 Bc5 6. c3 O-O 7. d3 Re8 8. Bg5
Be7 9. Nxe7+ Qxe7 10. Be2 d6 11. O-O h6 12. Bh4 Nd8 13. Nd2 Ne6 14. Nc4 Nf4 15.
Ne3 Be6 16. Re1 Rad8 17. Bf1 Kh8 18. Qc2 Rg8 19. d4 g5 20. Bg3 Nh7 21. dxe5 dxe5
22. Rad1 h5 23. Rxd8 Rxd8 24. f3 Rg8 25. Nd5 Qf8 26. Kh1 c6 27. Nxf4 exf4 28.
Bf2 g4 29. Bd4+ f6 30. Qf2 Qh6 31. Qh4 gxf3 32. gxf3 Rg3 33. Bg2 Kg7 34. Bf2 Rg6
35. e5 f5 36. Qe7+ Kh8 37. Rd1 Rg7 38. Rd8+ Bg8 39. Qh4 Qg6 40. Bf1 Ng5 41. Rd6
Ne6 42. Kh2 c5 43. Qf6 Qxf6 44. exf6 Rg6 45. Bh4 Ng5 46. Bxg5 Rxg5 47. Rd7 Bh7
48. Bc4 Bg6 49. Rd8+ Kh7 50. f7 Bxf7 51. Bxf7 Rg7 52. Rd7 b6 53. Be6 1-0

[Event "Mondiale Lampo FIDE 2022"]
[Site "Alma Ata"]
[Date "30.12.2022"]
[Round "18.11"]
[White "Andreikin, Dmitry"]
[Black "Andriasian, Zaven"]
[Result "1-0"]
[WhiteTitle ""]
[BlackTitle ""]
[WhiteElo "2729"]
[BlackElo "2580"]
[WhiteFideId "4158814"]
[BlackFideId "13302000"]
[EventDate "29.12.2022"]

1. Nf3 Nf6 2. c4 c6 3. Nc3 d5 4. e3 e6 5. b3 Nbd7 6. Bb2 Bd6 7. g3 O-O 8. Bg2 b6
9. O-O Bb7 10. d4 Rc8 11. Re1 Re8 12. Rc1 h6 13. Nd2 e5 14. cxd5 cxd5 15. Nb5
Rxc1 16. Qxc1 Bb8 17. dxe5 Nxe5 18. Qb1 Ne4 19. Nxe4 dxe4 20. Bxe5 Rxe5 21. Rd1
Qe7 22. Nd4 Bd6 23. Ne2 Bc5 24. Qb2 a5 25. Nf4 Bc6 26. h4 Kh7 27. h5 Qf6 28. Qc2
Kg8 29. Bh3 Re7 30. Qc4 Kh7 31. Qa6 Re8 32. Qc4 Re7 33. Kg2 Qe5 34. Rd8 Qf6 35.
Nd5 Qf3+ 36. Kg1 Re5 37. Nf4 Rxh5 38. Qxf7 Bd5 39. Qg6# 1-0

[Event "Mondiale Lampo FIDE 2022"]
[Site "Alma Ata"]
[Date "30.12.2022"]
[Round "18.12"]
[White "Anton Guijarro, David"]
[Black "Caruana, Fabiano"]
[Result "0-1"]
[WhiteTitle ""]
[BlackTitle ""]
[WhiteElo "2675"]
[BlackElo "2766"]
[WhiteFideId "2285525"]
[BlackFideId "2020009"]
[EventDate "29.12.2022"]

1. Nf3 d5 2. c4 d4 3. b4 c5 4. a3 Nf6 5. g3 Qc7 6. Bg2 e5 7. O-O Bd6 8. d3 O-O
9. e3 Nc6 10. exd4 exd4 11. Bg5 Nd7 12. b5 Nce5 13. a4 Nxf3+ 14. Bxf3 Ne5 15.
Be4 Bg4 16. f3 Bh3 17. Re1 Rae8 18. Nd2 Ng6 19. Nf1 Be6 20. Kg2 f5 21. Bd5 Bxd5
22. cxd5 f4 23. Re6 Rxe6 24. dxe6 h6 25. e7 Bxe7 26. Bxe7 Nxe7 27. Qb3+ Kh7 28.
Re1 Nf5 29. Re4 Ne3+ 30. Nxe3 fxe3 31. Qd5 Qf7 32. Qxf7 Rxf7 33. f4 Rc7 34. Kf3
c4 35. dxc4 Rxc4 36. a5 Kg6 37. Re7 Rc2 38. Rd7 Rf2+ 39. Kg4 h5+ 40. Kh3 e2 0-1

[Event "Mondiale Lampo FIDE 2022"]
[Site "Alma Ata"]
[Date "30.12.2022"]
[Round "18.13"]
[White "Esipenko, Andrey"]
[Black "Vakhidov, Jakhongir"]
[Result "1/2-1/2"]
[WhiteTitle ""]
[BlackTitle ""]
[WhiteElo "2678"]
[BlackElo "2607"]
[WhiteFideId "24175439"]
[BlackFideId "14201801"]
[EventDate "29.12.2022"]

1. Nf3 c5 2. g3 g6 3. c3 Bg7 4. d4 cxd4 5. cxd4 Nf6 6. Bg2 O-O 7. Nc3 d5 8. Ne5
Ne4 9. O-O Nxc3 10. bxc3 Nc6 11. Nxc6 bxc6 12. Ba3 Re8 13. e4 e6 14. Qa4 Qb6 15.
Bc5 Qa6 16. Qb3 Bf8 17. Bxf8 Rxf8 18. Rfb1 Qa5 19. c4 dxc4 20. Qxc4 Ba6 21. Qxc6
Rfc8 22. Qd6 Rc2 23. Qf4 Rxa2 24. Rxa2 Qxa2 25. Rb8+ Rxb8 26. Qxb8+ Kg7 27. h4
Qa1+ 28. Kh2 Qxd4 29. Kg1 Bd3 30. h5 gxh5 31. Qf4 h6 32. Bf3 a5 33. Bxh5 Qxe4
34. Qxf7+ Kh8 35. Qf6+ Kh7 36. Qe7+ Kh8 37. Qd8+ Kg7 38. Qxa5 Qc4 39. Qe5+ Kg8
40. Qf6 Bf5 41. Qf7+ Kh8 42. Qf6+ Kh7 43. Qf7+ Kh8 44. Qf8+ Kh7 45. Qe7+ Kh8 46.
Qf6+ Kh7 47. g4 Qc1+ 48. Kg2 Be4+ 49. f3 Qd2+ 50. Kh3 Bc2 51. Qf7+ Kh8 52. Qf8+
Kh7 53. Bf7 Qg5 54. Bxe6 h5 55. Qf7+ Kh6 56. Qf8+ Kh7 57. f4 hxg4+ 58. Kg3 Qg7
59. Qd8 Bg6 60. f5 Bf7 61. Qh4+ Kg8 62. Qd8+ Kh7 63. f6 Qg6 64. Qd7 Qxf6 65.
Bxf7 Qf3+ 66. Kh4 Qf2+ 67. Kh5 Qh2+ 68. Kg5 Qh6+ 69. Kxg4 Qg7+ 70. Kf5 Kh6 71.
Qd6+ Kh7 72. Bg6+ Kh8 73. Kg5 Kg8 74. Qe6+ 1/2-1/2

[Event "Mondiale Lampo FIDE 2022"]
[Site "Alma Ata"]
[Date "30.12.2022"]
[Round "18.14"]
[White "Indjic, Aleksandar"]
[Black "Harikrishna, Pentala"]
[Result "1/2-1/2"]
[WhiteTitle ""]
[BlackTitle ""]
[WhiteElo "2636"]
[BlackElo "2705"]
[WhiteFideId "911925"]
[BlackFideId "5007003"]
[EventDate "29.12.2022"]

1. d4 Nf6 2. c4 e6 3. Nc3 Bb4 4. Qc2 O-O 5. Nf3 d5 6. Bg5 h6 7. Bxf6 Qxf6 8. a3
Bxc3+ 9. Qxc3 c6 10. h4 c5 11. cxd5 cxd4 12. Qxd4 Qxd4 13. Nxd4 exd5 14. Rc1 Bd7
15. Rc7 Rc8 16. Rxb7 Nc6 17. Rxd7 Nxd4 18. Rxd5 Rc1+ 19. Kd2 Nb3+ 20. Ke3 Re8+
21. Kf3 Rc2 22. Kg3 Nd2 23. b4 Ne4+ 24. Kf3 Nd2+ 25. Kg3 Ne4+ 26. Kf3 Nd2+ 27.
Kg3 1/2-1/2